000 00334nam a22001457a 4500
008 240205b ||||| |||| 00| 0 eng d
020 _a0943126037
041 _aeng
080 _2FIRST EDITION 1987
_a61
082 _a61SOX
100 _a5
101 _aMJP
245 _aCOMMON DIAGNOSTIC TESTS
_cHAROLD .C.SOX
942 _2udc
_cBK
999 _c60571
_d60571